A captive lion : the life of Marina Tsvetayeva /

Bibliographic Details
Main Author: Feinstein, Elaine
Format: Book
Language:English
Published: New York : Dutton, [1987]
Edition:1st American ed.
Subjects:

MARC

Tag First Indicator Second Indicator Subfields
LEADER 00000cam a2200000 a 4500
001 in00000027776
005 20151007054619.0
008 871112r1987 nyuaf b 00110beng
010 |a  87406680  
020 |a 0525245022 :  |c $19.95 
035 |a (OCoLC)17767436 
035 |9 AAB5715AM 
040 |a DLC  |c DLC  |d TXA  |d UtOrBLW 
049 |a TXAM  |c [A11114746] 
050 0 0 |a PG3476.T75  |b Z67 1987 
082 0 |a 891.71/42  |a B  |2 19 
100 1 |a Feinstein, Elaine. 
245 1 2 |a A captive lion :  |b the life of Marina Tsvetayeva /  |c Elaine Feinstein. 
250 |a 1st American ed. 
264 1 |a New York :  |b Dutton,  |c [1987] 
264 4 |c ©1987 
300 |a x, 289 pages, 8 unnumbered pages of plates :  |b illustrations ;  |c 25 cm. 
336 |a text  |b txt  |2 rdacontent 
337 |a unmediated  |b n  |2 rdamedia 
338 |a volume  |b nc  |2 rdacarrier 
504 |a Bibliography: pages 279-281. 
500 |a Includes index. 
600 1 0 |a T︠S︡vetaeva, Marina,  |d 1892-1941. 
650 0 |a Poets, Russian  |y 20th century  |v Biography. 
999 |a MARS 
999 f f |s 9d819797-9012-3212-b166-f729b3d895f3  |i a1fc2492-a2f2-3237-b58f-1c0e4c7ba612  |t 0 
952 f f |p ric  |a Texas A&M University  |b Rellis Campus  |c Joint Library Facility  |s JLF  |d Remote Storage  |t 0  |e PG3476.T75 Z67 1987  |h Library of Congress classification  |i unmediated -- volume  |m A14811114746 
998 f f |a PG3476.T75 Z67 1987  |t 0  |l Remote Storage